Historia de la literatura francesa

I tiakina i:
Ngā taipitopito rārangi puna kōrero
Kaituhi matua: Escarpit, Robert (autor)
Hōputu: Pukapuka
Reo:Pāniora
I whakaputaina: Ciudad de México Fondo de Cultura Económica 1965
Putanga:4a. ed
Rangatū:Breviarios, 4
Ngā marau:
Ngā Tūtohu: Tāpirihia he Tūtohu
Kāore He Tūtohu, Me noho koe te mea tuatahi ki te tūtohu i tēnei pūkete!

MARC

LEADER 00000nam a2200000 a 4500
001 UCX2284
003 CL-VaPUC
008 910417e19650000MX |||||||||||||||||spa|d
082 0 4 |a 840.9  |b ESC  |2 21 
100 |a Escarpit, Robert  |e autor  |9 318157 
245 1 0 |a Historia de la literatura francesa 
250 |a 4a. ed 
300 |a 202 p 
942 |c BK 
945 |d 19910417 00:00:00 
260 |a Ciudad de México  |b Fondo de Cultura Económica  |c 1965 
650 0 |a Literatura francesa  |9 266330 
650 0 |a Historia y crítica   |9 257407 
583 |a last modification  |c 19910417 00:00:00  |k Rodrigo Vera 
490 0 |a Breviarios, 4 
999 |c 223334  |d 223332 
952 |0 0  |1 0  |4 0  |6 840_900000000000000_ESC_1965  |7 0  |8 A  |9 219007  |a BIBEDU  |b BIBEDU  |d 2019-11-15  |i 2878151  |l 1  |o 840.9 ESC 1965  |p 2878151  |r 2023-09-28  |s 2023-09-27  |w 2019-11-15  |y BK  |k LIT